000 00699nam a2200229 a 4500
999 _c762
_d762
001 762
003 BD-JhCC
005 20171010200101.0
008 171009s2014 bg |||| |||| 000 0 ben d
020 _a9844124395
035 _a(BD-JhCC)762
040 _aBD-JhCC
_dBD-JhCC
041 _aeng
082 _a981.443
_bIQB 2014
100 _aইকবাল, মুহম্মদ জাফর
245 _aসঙ্গীসাথী পশুপাখি /
_c মুহম্মদ জাফর ইকবাল
260 _aঢাকা:
_bঅনন্যা,
_c২০১৪.
300 _a৩৬ পৃ. :
_c২১ সেমি,
650 _aBengali Novel
942 _2ddc
_cBK